Datum a čas kvízu

28.5 Celkem bodů Celkový počet nahraných bodů na tomto kvízu bez doplňovacích otázek.
12. Pořadí na kvízu Konečné umístění týmu na tomto kvízu.

Zaznamenané odpovědi

# Otázka Odpověď Body Výsledky
1. Slovenští poslanci schválili n... 6 km za hodinu 1
2. Absolutní konec v české politi... Jana Maláčová 1
3. Jedna z nejpoužívanějších apli... ChatGPT 0
4. Z vítězství v páté řadě realit... mořského koníka 1
5. Projekt zcela nového stadionu... v Ostravě 1
6. Začneme základní otázkou. Kter... číslem 2 0
7. Kterou barvou je na mapě vyzna... červenou 1
8. Díváme se na podobiznu bezespo... Simon Bolívar 0
9. Jak se jmenuje jedna z největš... Orinoko (španělsky Río Orinoco) 0
10. Vzhledem k přírodním podmínkám... agáve 0